Commentary on the payment of gravity act 1972 (Record no. 5793)

MARC details
000 -LEADER
fixed length control field 00632nam a2200181Ia 4500
003 - CONTROL NUMBER IDENTIFIER
control field IN-BaIIA
008 - FIXED-LENGTH DATA ELEMENTS--GENERAL INFORMATION
fixed length control field 211028s9999 xx 000 0 eng d
040 ## - CATALOGING SOURCE
Transcribing agency IIA Library
080 ## - UNIVERSAL DECIMAL CLASSIFICATION NUMBER
Universal Decimal Classification number 331.225.6
Item number GUP
100 ## - MAIN ENTRY--PERSONAL NAME
Personal name Gupta, Jayasankar
9 (RLIN) 10027
245 #0 - TITLE STATEMENT
Title Commentary on the payment of gravity act 1972
Remainder of title with rules notifications extracts of tax provisions relating to gratuity
Statement of responsibility, etc. Jayasankar Gupta
260 ## - PUBLICATION, DISTRIBUTION, ETC.
Place of publication, distribution, etc. Calcutta
Name of publisher, distributor, etc. Mansions Law Publishing House
Date of publication, distribution, etc. 1973
300 ## - PHYSICAL DESCRIPTION
Extent 241p.
650 ## - SUBJECT ADDED ENTRY--TOPICAL TERM
Topical term or geographic name entry element gratuity
9 (RLIN) 10028
650 ## - SUBJECT ADDED ENTRY--TOPICAL TERM
Topical term or geographic name entry element NASA thesaurus
650 ## - SUBJECT ADDED ENTRY--TOPICAL TERM
Topical term or geographic name entry element payment of gratuity
9 (RLIN) 10029
942 ## - ADDED ENTRY ELEMENTS (KOHA)
Koha item type Books
Holdings
Withdrawn status Lost status Damaged status Not for loan Home library Current library Shelving location Date acquired Total Checkouts Full call number Barcode Date last seen Price effective from Koha item type
        IIA Library-Bangalore IIA Library-Bangalore General Stacks 29/04/1978   331.225.6/ GUP 6479 05/11/2021 29/04/1978 Books

Powered by Koha